The economics of oil palm

Bibliographic Details
Main Author: MOLL
Format: Book
Published: Wageningen, The Netherlands : Pudoc , 1987
Series:Economics of crops in developing countries; no. 2
Subjects:

MARC

LEADER 00000cam a2200000 7i4500
001 0000002784
005 20040108.0
020 0 0 |a 9022008762 
090 0 0 |a 633.851   |b MOL 1987 
100 1 0 |a MOLL   |h H. A. J. 
245 1 4 |a The economics of oil palm   |c H. A. J. Moll 
260 0 0 |a Wageningen, The Netherlands :   |b Pudoc ,   |c 1987 
300 |a 288 p. :   |b maps ;   |c 25 cm. 
440 0 0 |a Economics of crops in developing countries; no. 2 
500 0 0 |a Includes bibliographical references 
650 0 0 |a Oil palms   |x Economic aspects 
998 |a JPSM 
999 |a 0000003736   |b Monograph   |c Open Shelf   |e Default branch